|
|
|
|
| LEADER |
00000nab a2200000 a 4500 |
| 001 |
vtls000307435 |
| 003 |
SK-MaSNL |
| 005 |
20260304082632.0 |
| 008 |
250424c1988 xo 0 slo |
| 015 |
|
|
|a SNBRB19rr/mm-uuuuu
|
| 035 |
|
|
|a CL0317554
|
| 035 |
|
|
|a urn:nbn:sk:snk-abbhsr
|
| 035 |
|
|
|a (urnnbn)urn:nbn:sk:snk:ar-0019cb
|
| 035 |
|
|
|a (uuid)901e2bb7-caca-46ff-9438-ba4e15691f6f
|
| 040 |
|
|
|a SNKBUCL
|b slo
|c SNKBUCL
|e AACR2
|
| 041 |
0 |
|
|a slo
|
| 044 |
|
|
|a xo
|c SK
|
| 080 |
|
|
|a 57
|2 1981
|
| 100 |
1 |
|
|a Daubner, Imrich,
|d 1931-2012
|4 aut
|9 208326
|
| 245 |
1 |
0 |
|a Prognózy rozvoja biologických vied
|c Imrich Daubner
|
| 650 |
0 |
7 |
|a biologické vedy
|2 snkbucl
|9 24539
|
| 655 |
|
7 |
|a články z novín a časopisov
|2 snkbucl
|9 267496
|
| 773 |
0 |
|
|t Biológia
|g Roč. 43, č. 3 (1988), s. 273-277
|
| 850 |
|
|
|a Slovenská národná knižnica
|
| 852 |
|
|
|a Slovenská národná knižnica
|
| 954 |
|
|
|a odborná, vedecká literatúra pôvodná (slovenská)
|2 lita
|
| 958 |
|
|
|a article15
|
| 958 |
|
|
|a RK
|
| 958 |
|
|
|a MI
|
| 958 |
|
|
|a OND
|
| 958 |
|
|
|a EUIPO
|
| 992 |
|
|
|a RBX
|
| 999 |
|
|
|c 2797485
|d 2799415
|